000 00476 a2200157 4500
008 150906b xxu||||| |||| 00| 0 eng d
041 _aEnglish
082 _aCD4737
100 _aPandey, Santosh Prasad
245 _aImpact of dividend policy on market price of share
260 _aBirgunj
_bNP
_c2009
502 _aDissertation
_bDegree in management
_cHari Khetan M.C.
650 _aShare market
_aDividend policy
_aMarket price
653 _aManagement
942 _2ddc
_cVM
999 _c62888
_d62876